TÚ VAS SIN (fav) - Rels B - Estadísticas

Estadísticas generales
  • Esta prueba ha sido intentada 14 veces
  • La puntuación promedio es 241 de 309
Estadísticas de respuestas
Letra Respuesta % Correcto
de
100%
Me
100%
me
100%
mi
100%
100%
que
100%
Se
100%
se
100%
100%
si
100%
Si
100%
sin
100%
te
100%
ti
100%
Verso Ve
100%
ve
100%
y
100%
Y
100%
Verso A
92%
cuerpo
92%
diseñó
92%
la
92%
no
92%
No
92%
pa'
92%
señora
92%
su
92%
tu
92%
un
92%
Estribillo Una
92%
yo
92%
Yo
92%
baile
83%
buena
83%
el
83%
en
83%
está
83%
explota
83%
gusta
83%
le
83%
más
83%
mas
83%
pasito
83%
pegué
83%
varita
83%
vas
83%
vente
83%
Vente Vente
83%
verdad
83%
dijo
75%
sabes
75%
tiró
75%
truquito
75%
Bebé
67%
Ella
67%
eres
67%
las
67%
quites
67%
tiene
67%
todas
67%
ahora
58%
enfrente
58%
miedo
58%
Por
58%
Porque
58%
tengo
58%
voy
58%
corazones
50%
enamores
50%
lante
50%
quiero
50%
solo
50%
toca
50%
baby
42%
detrás
42%
labia
42%
llevo
42%
man
42%
quería
42%
Tirando
42%
tires
42%
bli
33%
como
33%
for
33%
tiempo
33%
todo
33%
todo'
33%
you
33%
bling
25%
brillamos
25%
sale
25%
Siempre
25%
Yeah
25%
yeah
25%
aquí
17%
calle
17%
eso
17%
están
17%
mirando
17%
saben
17%
quienes
8%
somos
8%
bebecí
0%
bebeci
0%
No se encontraron pruebas coincidentes
Distribución de puntuación
Porcentaje de gente con cada puntuación
Porcentaje por número respondido
Historial de tus puntuaciones
No has intentado esta prueba.